LEADER 01447nam 2200397 450 001 000013368 005 20050718115500.0 010 $a3-540-07136-9 100 $a20030515d1975----km-y0itay0103----ba 101 0 $aeng 102 $aDE 200 1 $aElliptic functions and transcendence$fDavid Masser 210 $aBerlin [etc.]$cSpringer$d1975 215 $aXIII, 143 p.$d25 cm. 225 2 $aLecture notes in mathematics$v437 410 0$12001$aLecture notes in mathematics 606 $aFunzioni ellittiche 606 $aNumeri trascendenti 676 $a515.353$v(21. ed.)$9Equazioni differenziali parziali 691 $a11J89$9Diophantine approximation, trascendental number theory. Transcendence theory of elliptic and abelian functions 700 1$aMasser,$bDavid$049131 801 0$aIT$bUniversità della Basilicata - B.I.A.$gRICA$2unimarc 912 $a000013368 996 $aElliptic functions and transcendence$980921 997 $aUNIBAS BAS $aMONSCI BAS $aSCIENZE CAT $aEXT002$b01$c20030515$lBAS01$h1607 CAT $aEXT002$b01$c20030515$lBAS01$h1609 CAT $c20050601$lBAS01$h1755 CAT $abatch$b01$c20050718$lBAS01$h1051 CAT $c20050718$lBAS01$h1111 CAT $c20050718$lBAS01$h1141 CAT $c20050718$lBAS01$h1155 FMT Z30 -1$lBAS01$LBAS01$mBOOK$1BASA2$APolo Tecnico-Scientifico$2GEN$BCollezione generale$3MAT$631641$5S31641$820030919$f51$FRiservati